Riconosci la Squadra di calcio - Quiz n°256 - Statistics

Statistiche generali
  • Questo quiz è stato fatto 4 volte
  • Il punteggio medio è 7 su 11
Statistiche sulle risposte
Indizio Risposta % Corretto
Simboli Locomotiva
100%
Trofei nazionali 12 Liguillas 2 Supercopa Uruguaya
75%
Colori sociali Giallo, nero
75%
Divisione nazionale 2023-2024 Prima
75%
Fondazione 1891
50%
Rifondazione 1913
50%
Capienza Stadio 40 700 posti
50%
Titoli nazionali 53 Campionati uruguaiani
50%
Trofei internazionali 5 Coppe Libertadores
3 Coppe Intercontinentali
1 Supercoppa dei Campioni Intercontinentali
1 Copa Ricardo Aldao
3 Copa de Honor Cousenier
1 Tie Cup
1 Copa de Confraternidad Escobar - Gerona
50%
Confederazione CONMEBOL
50%
Squadra Peñarol
50%
Nessun quiz corrispondente trovato
Distribuzione punteggi
Percentuale di utenti per punteggio
Percentile per numero di risposta
I tuoi punteggi nel tempo
Non hai fatto questo quiz